| 000 | 00754nam a2200241 a 4500 | ||
|---|---|---|---|
| 001 | 000023587 | ||
| 005 | 20200930022329.0 | ||
| 008 | 101214s1971 sp r 001 0 spa d | ||
| 040 |
_aDO-SdBNP _bspa _cBNPHU |
||
| 041 | 1 | 7 |
_aspa _hfre _2Código de idiomas MARC |
| 082 |
_annnn _bM363a |
||
| 100 | 1 |
_aMarsal, Maurice, _948618 |
|
| 240 | 1 | 2 |
_aL´autorité. _lEspañol. |
| 245 | 1 | 3 |
_aLa autoridad / _cMaurice Marsal ; traducción de Rafael M. Bofill. |
| 260 |
_aBarcelona : _boikos-tau, _c1971. |
||
| 300 |
_a123, [4] p. ; _c18 cm. |
||
| 490 | 1 |
_a¿qué sé? _v45 |
|
| 500 | _aIncluye índice | ||
| 534 |
_pTítulo original en francés: _tL´autorité. |
||
| 700 | 1 |
_aBofill, Rafael M., _etr. _948619 |
|
| 830 | 0 |
_a¿qué sé? _v45 _927270 |
|
| 049 | _aBNGR | ||
| 999 |
_c23083 _d23083 |
||